|
|
|
|
| LEADER |
00000caa a2200000 c 4500 |
| 001 |
163116306X |
| 003 |
DE-627 |
| 005 |
20220607124506.0 |
| 007 |
tu |
| 008 |
130214s1996 xx ||||| 00| ||ger c |
| 035 |
|
|
|a (DE-627)163116306X
|
| 035 |
|
|
|a (DE-576)378742213
|
| 035 |
|
|
|a (DE-599)BSZ378742213
|
| 040 |
|
|
|a DE-627
|b ger
|c DE-627
|e rakwb
|
| 041 |
|
|
|a ger
|
| 100 |
1 |
|
|a Huber, Peter M.
|d 1959-
|0 (DE-588)121718689
|0 (DE-627)081488955
|0 (DE-576)164784373
|4 aut
|
| 109 |
|
|
|a Huber, Peter M. 1959-
|a Huber, Peter Michael 1959-
|a Huber, Peter-Michael 1959-
|a Huber, Peter H. 1959-
|a Huber, Peter-M. 1959-
|
| 245 |
1 |
4 |
|a Die Strafbarkeit von MfS-Spionen
|b BVerfG vom 15.5.1995 - 2 BvL 19/91, 2 BvR 1206/91, 2 BvR 1584/91, 2 BvR 2601/93
|c Peter M. Huber
|
| 264 |
|
1 |
|c 1996
|
| 336 |
|
|
|a Text
|b txt
|2 rdacontent
|
| 337 |
|
|
|a ohne Hilfsmittel zu benutzen
|b n
|2 rdamedia
|
| 338 |
|
|
|a Band
|b nc
|2 rdacarrier
|
| 773 |
0 |
8 |
|i In
|t Jura
|d Berlin : de Gruyter, 1979
|g 18(1996), 6, Seite 301 - 307
|w (DE-627)129893536
|w (DE-600)304057-4
|w (DE-576)015211681
|x 0170-1452
|7 nnas
|
| 773 |
1 |
8 |
|g volume:18
|g year:1996
|g number:6
|g pages:301 - 307
|
| 935 |
|
|
|a mkri
|
| 951 |
|
|
|a AR
|
| ELC |
|
|
|b 1
|
| LOK |
|
|
|0 000 xxxxxcx a22 zn 4500
|
| LOK |
|
|
|0 001 3281565654
|
| LOK |
|
|
|0 003 DE-627
|
| LOK |
|
|
|0 004 163116306X
|
| LOK |
|
|
|0 005 20160223100804
|
| LOK |
|
|
|0 008 160208||||||||||||||||ger|||||||
|
| LOK |
|
|
|0 040
|a DE-21-110
|c DE-627
|d DE-21-110
|
| LOK |
|
|
|0 689
|a s
|a Staatssicherheitsdienst
|
| LOK |
|
|
|0 689
|a s
|a DDR
|
| LOK |
|
|
|0 852
|z Kein Bestand am IfK; Nachweis für KrimDok
|
| LOK |
|
|
|0 852
|a DE-21-110
|
| LOK |
|
|
|0 852 1
|m v
|9 00
|
| LOK |
|
|
|0 935
|a k110
|
| LOK |
|
|
|0 938
|k v
|
| LOK |
|
|
|0 939
|a 08-02-16
|b l01
|
| ORI |
|
|
|a SA-MARC-krimdoka001.raw
|